Estatísticas para Bairros de Porto Alegre - RS

Clique aqui para jogar o quiz

Estatísticas Gerais

  • Esse quiz foi jogado 338 vezes
  • A pontuação média é 45 de 81

Estatísticas das Respostas

Resposta% Correto
Centro
94%
Cidade Baixa
87%
Moinhos de Vento
84%
Menino Deus
82%
Azenha
81%
Humaitá
81%
Ipanema
81%
Partenon
81%
Petrópolis
81%
Praia de Belas
76%
Bela Vista
75%
Cristal
74%
Bom Fim
72%
Cavalhada
72%
Higienópolis
72%
Jardim Botânico
72%
Tristeza
72%
Restinga
70%
Sarandi
70%
Agronomia
69%
Santana
69%
Farrapos
68%
Floresta
67%
São João
67%
Boa Vista
66%
Farroupilha
66%
Rio Branco
66%
Rubem Berta
66%
Teresópolis
65%
Auxiliadora
64%
Belém Novo
64%
Medianeira
64%
Belém Velho
63%
Navegantes
63%
Independência
61%
Mont Serrat
61%
Anchieta
60%
Glória
60%
Hípica
58%
Três Figueiras
58%
São Geraldo
56%
Vila Ipiranga
56%
Cristo Redentor
55%
Jardim do Salso
55%
Lami
55%
Nonoai
54%
Chácara das Pedras
52%
Vila Nova
52%
Bom Jesus
51%
Passo da Areia
51%
Santa Cecília
51%
Santa Tereza
51%
Santo Antônio
50%
São José
50%
Guarujá
48%
Jardim Itu-Sabará
48%
Jardim Lindóia
48%
Lomba do Pinheiro
44%
Vila Assunção
44%
Vila Jardim
44%
Jardim Carvalho
43%
Serraria
43%
Arquipélago
39%
Mário Quintana
39%
Cascata
37%
Camaquã
36%
Chapéu do Sol
36%
Ponta Grossa
36%
Santa Maria Goretti
35%
Lageado
33%
Campo Novo
32%
Pedra Redonda
32%
Vila Conceição
31%
Aparício Borges
30%
Espírito Santo
29%
Jardim São Pedro
28%
Jardim Floresta
27%
Marcílio Dias
26%
São Sebastião
26%
Vila João Pessoa
24%
Jardim Isabel
18%

Distribuição das Pontuações

Percentil de Números Respondidos

Porcentagem de Pessoas com Cada Pontuação

Sua Pontuação Histórica

Você não jogou esse quiz